Tilastot visalle Yhden vokaalin valtiot

Klikkaa tästä pelataksesi tätä visaa!

Yleistilastot

  • Tätä visaa on pelattu 205 kertaa
  • Keskiarvotulos 11 / 19

Vastaustilastot

Country% Oikein
Kanada
78%
Togo
77%
Saksa
72%
Ranska
70%
Panama
67%
Tšad
67%
Fidži
65%
Kosovo
64%
Tanska
64%
Jemen
61%
Malta
57%
Bahama
55%
Filippiinit
53%
Ghana
52%
Kongon demokraattinen tasavalta
48%
Kongon tasavalta
48%
Qatar
47%
Kazakstan
42%
Madagaskar
41%

Tulosjakauma

Persentiili vastausten määrän mukaan

Jokaisen tuloksen saaneiden osuus

Tuloshistoriasi

Et ole pelannut tätä visaa